000 00389nam a22001697a 4500
005 20160627153953.0
008 160627b xxu||||| |||| 00| 0 eng d
020 _a81-7167-561-1
041 _aeng
082 _b10512
100 _aTwain, Mark
_92973
245 _aThe Prince and the Pauper
260 _bRupa Clasics
_c2004
300 _a255
650 _aManagement
_9241
942 _cBK
999 _c4298
_d4297